| 000 | 00735nam a2200253 a 4500 | ||
|---|---|---|---|
| 001 | adlib96000001 | ||
| 003 | ViArRB | ||
| 005 | 200902210153555.7 | ||
| 008 | 960221s1955 dcuabcdjdbkoqu001 0deng d | ||
| 020 | _a | ||
| 022 | _a | ||
| 040 | _aAdlib | ||
| 082 | _aFH.09 | ||
| 245 | _aHindi Tatha Marathi Upanyasom Ka Tulanatmak Adhyayan | ||
| 250 | _a | ||
| 260 |
_aDelhi _bCandra Pub. _c1965 |
||
| 300 |
_a414 p. _c |
||
| 500 | _a | ||
| 100 |
_aGupta, santisvarup _e |
||
| 700 |
_a _a |
||
| 942 | _cBK | ||
| 653 |
_aHINDHI LITERATURE _aHINDILITERATURE _aHINDIL _aHINIDILITERATURE _aHindi Literature |
||
| 952 |
_w2010-06-19 _pG0001844 _r2012-01-31 _40 _00 _bUL _10 _oFH.09 GUPS/H _d2010-06-19 _70 _yBK _s2012-01-05 _l1 _aUL |
||
| 999 |
_c62742 _d62741 |
||